| 000 | 00794nam a2200265 4500 | ||
|---|---|---|---|
| 003 | EC-UNACH | ||
| 005 | 20241015114307.0 | ||
| 006 | s||||gr|||| 00| 00 | ||
| 008 | 150116t9999 mx r gr 000 0 spa d | ||
| 020 | _a978-9942-34-107-5 | ||
| 040 |
_aEC-UNACH _cEC-UNACH |
||
| 041 | _aEspañol | ||
| 082 | 0 | 4 |
_223 _a741.56 _bL017678 |
| 100 | _aPuente, Paco | ||
| 245 | _aManual de supervivencia del dibujante creativo | ||
| 250 | _aPrimera Edición | ||
| 264 |
_aQuito - Ecuador _bEditorial Casa de la Cultura Ecuatoriana _c2024 |
||
| 300 |
_a56 páginas _c21 x 15 centímetros |
||
| 505 | _aCaricaturas - Dibujos creativos | ||
| 942 |
_2ddc _c1 |
||
| 999 | _c13467 | ||